[Event "ROM-ch U08"]
[Site "Calimanesti"]
[Date "2015.04.01"]
[Round "3"]
[White "Ulian, Andrei Octavian"]
[Black "Suchar, Alexandru"]
[Result "1-0"]
[WhiteElo "1440"]
[BlackElo "1199"]
[PlyCount "123"]
[EventDate "2015.03.30"]
[EventType "swiss"]
[EventRounds "9"]
[EventCountry "ROU"]
[SourceTitle "CBM 165 Extra"]
[Source "ChessBase"]
[SourceDate "2015.04.21"]
[SourceVersion "1"]
[SourceVersionDate "2015.04.21"]
[SourceQuality "1"]

1. e4 c5 2. c3 e6 3. d4 cxd4 4. cxd4 d6 5. Nf3 Nf6 6. Bg5 Be7 7. Nc3 a6 8. Bd3 Nc6 9. 0-0 Bd7 10. Rc1 h6 11. Bh4 Rg8 12. e5 Nh5 13. Bxe7 Qxe7 14. Ne4 dxe5 15. dxe5 Kf8 16. Nd6 f6 17. Nc4 b5 18. exf6 gxf6 19. Ne3 Qg7 20. g3 Nf4 21. Be4 Rc8 22. Qd6+ Qe7 23. Qxf4 Rh8 24. Rfd1 e5 25. Qh4 Kf7 26. Qh5+ Kf8 27. Bf5 Be8 28. Qg4 Rb8 29. Bd7 Bxd7 30. Qxd7 Qxd7 31. Rxd7 Ne7 32. Rcc7 Rh7 33. Ra7 Rc8 34. Rxa6 Ke8 35. Rdd6 Ng8 36. Nd5 Rf7 37. Nxf6+ Nxf6 38. Rxf6 Rxf6 39. Rxf6 Rc2 40. Rxh6 Rxb2 41. Nxe5 Rxa2 42. Rb6 Ra5 43. Nc6 Ra1+ 44. Kg2 Rb1 45. Kf3 Kd7 46. Na5 Kc7 47. Rb7+ Kd6 48. h4 Ke6 49. h5 Rc1 50. Rxb5 Rc8 51. g4 Kf6 52. g5+ Kg7 53. Rb7+ Kg8 54. Kg4 Re8 55. g6 Rf8 56. f4 Re8 57. Nc6 Rf8 58. Ne7+ Kh8 59. Nf5 Re8 60. Kg5 Kg8 61. Nh6+ Kf8 62. Rf7# 1-0